|
|
|
|
| LEADER |
00000nam0a2200000 4500 |
| 001 |
93165 |
| 005 |
20231031105052.0 |
| 035 |
|
|
|a (RuTPU)RU\TPU\book\99773
|
| 090 |
|
|
|a 93165
|
| 100 |
|
|
|a 20060327d1973 km y0rusy50 ca
|
| 101 |
0 |
|
|a rus
|
| 102 |
|
|
|a RU
|
| 105 |
|
|
|a a z 001zy
|
| 200 |
1 |
|
|a Рулевые приводы
|f С. В. Костин, Б. И. Петров, Н. С. Гамынин
|
| 210 |
|
|
|a Москва
|c Машиностроение
|d 1973
|
| 215 |
|
|
|a 205 с.
|c ил.
|
| 225 |
1 |
|
|a Основы проектирования систем управления летательными аппаратами
|
| 225 |
1 |
|
|a Справочная библиотека инженера-конструктора
|
| 320 |
|
|
|a Библиогр.: с. 202-203.
|
| 610 |
1 |
|
|a рулевые приводы
|
| 610 |
1 |
|
|a справочники
|
| 610 |
1 |
|
|a инженеры-конструкторы
|
| 610 |
1 |
|
|a летательные аппараты
|
| 610 |
1 |
|
|a системы управления
|
| 610 |
1 |
|
|a методы расчета
|
| 610 |
1 |
|
|a трение
|
| 610 |
1 |
|
|a возможности
|
| 675 |
|
|
|a 629.735.06
|v 3
|
| 700 |
|
1 |
|a Костин
|b С. В.
|g Сергей Васильевич
|
| 701 |
|
1 |
|a Петров
|b Б. И.
|g Борис Иванович
|
| 701 |
|
1 |
|a Гамынин
|b Н. С.
|g Николай Сергеевич
|
| 801 |
|
1 |
|a RU
|b 63413507
|c 20060327
|g PSBO
|
| 801 |
|
2 |
|a RU
|b 63413507
|c 20070928
|g PSBO
|
| 942 |
|
|
|c BK
|